000 00626nam a22001817a 4500
999 _c186946
_d186946
005 20220406145638.0
010 _aENG-132102
020 _a9788195285891
_c1280.00
035 _aEN-115634
037 _bDBAD/PUB
082 _a327.540597
100 _aMukherjee, Tilottama
245 _aChina Factor in india- Vietnam Relations:
_b1991-2019/
_cTilottama Mukerjee
260 _aNew Delhi
_bKW Publication Pvt. Ltd
_c2021
270 _a4676/21, First Floor, Ansari Road Daryaganj,
_bNew Delhi
_e110002
_k91 1143528107
300 _axvii, 315p
_bBibliography
_c23cm(hbk)
942 _2ddc
_cEN
_h327.540597
_mMUK